000 00614cam a2200217 4500500
005 20260329004408.0
041 _afre
042 _adc
100 1 0 _aNathan, Tobie
_eauthor
245 0 0 _aFlyboard Air. Le turbo-chamanisme
260 _c2019.
500 _a32
690 _aChaman
690 _aFlyboard Air
690 _aFranky Zapata
690 _aTobie Nathan
690 _aVol
690 _aYogi
786 0 _nPhilosophie magazine | 133 | 10 | 2019-10-01 | p. 16-16 | 1951-1787
856 4 1 _uhttps://shs.cairn.info/magazine-philosophie-magazine-2019-10-page-16?lang=fr&redirect-ssocas=7080
999 _c1833429
_d1833429